Central Library OPAC University of Rajshahi

অনিকেত অনুভূতি / (Record no. 48820)

MARC details
000 -LEADER
fixed length control field 00809nam a2200229 a 4500
001 - CONTROL NUMBER
control field 48820
003 - CONTROL NUMBER IDENTIFIER
rucl marc code BD-RjUL
005 - DATE AND TIME OF LATEST TRANSACTION
control field 20211209054606.0
008 - FIXED-LENGTH DATA ELEMENTS--GENERAL INFORMATION
fixed length control field 160816s1979 bg 000 p ben d
020 ## - INTERNATIONAL STANDARD BOOK NUMBER
Terms of availability : Tk. 10.00
035 ## - SYSTEM CONTROL NUMBER
System control number (BD-RjUL)48939
040 ## - CATALOGING SOURCE
Original cataloging agency BD-RjUL
Transcribing agency BD-RjUL
Modifying agency BD-RjUL
Language of cataloging ben
041 ## - LANGUAGE CODE
Language code of text/sound track or separate title ben
082 04 - DEWEY DECIMAL CLASSIFICATION NUMBER
Edition number 23
Classification number 891.441
Author mark and year ROO 1979
100 10 - MAIN ENTRY--PERSONAL NAME
Personal name রশীদ, ফকীর আবদুর
9 (RLIN) 147181
245 10 - TITLE STATEMENT
Title অনিকেত অনুভূতি /
Statement of responsibility, etc. ফকীর আবদুর রশীদ
260 ## - PUBLICATION, DISTRIBUTION, ETC. (IMPRINT)
Place of publication, distribution, etc. ফরিদপুর, ঢাকা :
Name of publisher, distributor, etc. ফিরোজা সুলতানা রশীদ,
Date of publication, distribution, etc. ১৯৭৯
300 ## - PHYSICAL DESCRIPTION
Pagination ৪৯ পৃ. ;
Size ২১ সেমি.
650 #0 - SUBJECT ADDED ENTRY--TOPICAL TERM
Topical term or geographic name as entry element বাংলা কবিতা
9 (RLIN) 9451
Topical term or geographic name as entry element Bengali poetry
9 (RLIN) 117526
942 ## - ADDED ENTRY ELEMENTS (KOHA)
Source of classification or shelving scheme Dewey Decimal Classification
Koha item type Books
Holdings
Lost status Source of classification or shelving scheme Damaged status Not for loan Collection code Permanent Location Current Location Shelving location Date acquired Total Checkouts Full call number Date last seen Copy number Koha item type
  Dewey Decimal Classification     Non-fiction Central Library, University of Rajshahi Central Library, University of Rajshahi   08/08/1981   B 891.441 ROO 1979 16/08/2016 C-2 Books